000 00431nam a2200181Ia 4500
001 18132
005 20260306171608.0
008 260306s9999||||xx |||||||||||||| ||und||
041 _aESP
082 _a658.4012
_bF84 2007
100 _aFriend, Graham
_eAUT
245 0 _aCómo diseñar un plan de negocios
260 _c2008
300 _a306 páginas :
_ccm.
650 _aGEN
654 _aCAN
942 _cLIB
_dJUS
_fJUS
_2ddc
_n
999 _c18132
_d18132